|
|
|
|
| LEADER |
00000nab a2200000 a 4500 |
| 001 |
vtls000001473 |
| 003 |
SK-MaSNL |
| 005 |
20260303021511.0 |
| 008 |
111103c1978 xo 0 slo |
| 015 |
|
|
|a SNBRB19rr/mm-uuuuu
|
| 035 |
|
|
|a CL0011565
|
| 040 |
|
|
|a SNKBUCL
|b slo
|c SNKBUCL
|e AACR2
|
| 041 |
0 |
|
|a slo
|
| 044 |
|
|
|a xo
|c SK
|
| 080 |
|
|
|a 730
|2 1981
|
| 080 |
|
|
|a 92 Löffler, Vojtech
|2 1981
|
| 100 |
1 |
|
|a Bednářová, Katarína
|4 aut
|9 467882
|
| 245 |
1 |
0 |
|a Úprimnosť vyjadrenia, láska k človeku
|b So zaslúžilým umelcom Vojtechom Löfflerom
|c Katarína Bednařová ; Katarína Bednářová
|
| 600 |
1 |
7 |
|a Lőffler, Vojtech,
|d 1906-1990
|2 snkbucl
|9 167927
|
| 655 |
|
7 |
|a články z novín a časopisov
|2 snkbucl
|9 267496
|
| 773 |
0 |
|
|t Večer
|g Roč. 10, č. 100 (24. 5. 1978), s. 2
|
| 850 |
|
|
|a Slovenská národná knižnica v Martine
|a MTA001
|
| 852 |
|
|
|a SNK
|b KIS3GCP
|
| 958 |
|
|
|a RK
|
| 992 |
|
|
|a RBX
|
| 999 |
|
|
|c 1623613
|d 1625543
|